Vista normal
Vista MARC
Entrada Materia (personas)
Número de registros utilizados en: 1
001 - CONTROL NUMBER
- control field: 102323
003 - CONTROL NUMBER IDENTIFIER
- control field: Co-BoUCM
005 - DATE AND TIME OF LATEST TRANSACTION
- control field: 20210212072902.0
008 - FIXED-LENGTH DATA ELEMENTS
- fixed length control field: 210212|| aca||aabn | a|a d
040 ## - CATALOGING SOURCE
- Original cataloging agency: Co-BoUCM
- Transcribing agency: Co-BoUCM
100 ## - HEADING--PERSONAL NAME
- Personal name: Mater, André
- Dates associated with a name: 1877-1964
670 ## - SOURCE DATA FOUND
- Source citation: Work cat.: (Co-BoUCM): Mater, André 1877-1964, Traité juridique de la monnaie et du change ..., 1925